| 000 | 00698nam a2200229 a 4500 | ||
|---|---|---|---|
| 008 | |||
| 020 | _a0205131638 (hbk. ) | ||
| 049 | _aMAIN | ||
| 090 |
_aHF5415.32 _bSOL |
||
| 100 | 1 | _aSolomon, Michael R. | |
| 245 | 1 | 0 |
_aConsumer behavior : _bbuying, having, and being / _cMichael R. Solomon. |
| 260 |
_aBoston : _bAllyn and Bacon, _cc1991. |
||
| 300 |
_axx, 618 p. : _bill. (some col.) ; _c27 cm. |
||
| 500 | _aIncludes index. | ||
| 504 | _aIncludes bibliographical references. | ||
| 650 | 0 | _aConsumer behavior. | |
| 907 |
_a.b10158431 _b05-04-18 _c09-03-05 |
||
| 003 | |||
| 005 | 20230123133949.0 | ||
| 040 | _cNUST | ||
| 942 |
_cBOOKS _kHF5415.32 _mSOL |
||
| 999 |
_c157650 _d157650 |
||